Central Library OPAC University of Rajshahi

Agricultural resources of China / (Record no. 3297)

MARC details
000 -LEADER
fixed length control field 00743cam a22002531 4500
001 - CONTROL NUMBER
control field 3297
003 - CONTROL NUMBER IDENTIFIER
rucl marc code BD-RjUL
005 - DATE AND TIME OF LATEST TRANSACTION
control field 20211208233716.0
008 - FIXED-LENGTH DATA ELEMENTS--GENERAL INFORMATION
fixed length control field 131218s1951 nyuab b 000 0 eng
035 ## - SYSTEM CONTROL NUMBER
System control number (BD-RjUL)3331
System control number (OCoLC)557017
040 ## - CATALOGING SOURCE
Original cataloging agency DLC
Transcribing agency ODaWU
Modifying agency OCoLC
-- Uk
-- DLC
-- BD-RjUL
Language of cataloging eng
041 ## - LANGUAGE CODE
Language code of text/sound track or separate title eng
082 00 - DEWEY DECIMAL CLASSIFICATION NUMBER
Classification number 630.951
Author mark and year SHA 1951
100 1# - MAIN ENTRY--PERSONAL NAME
Personal name Shen, Tsung-han,
Dates associated with a name 1895-
9 (RLIN) 10401
245 10 - TITLE STATEMENT
Title Agricultural resources of China /
Statement of responsibility, etc. T. H. Shen.
260 ## - PUBLICATION, DISTRIBUTION, ETC. (IMPRINT)
Place of publication, distribution, etc. Ithaca :
Name of publisher, distributor, etc. Cornell University Press,
Date of publication, distribution, etc. 1951.
300 ## - PHYSICAL DESCRIPTION
Pagination xviii, 407 p. :
Illustrations maps, tables. ;
Size 24 cm.
504 ## - BIBLIOGRAPHY, ETC. NOTE
Bibliography, etc Bibliographical footnotes and index.
650 #0 - SUBJECT ADDED ENTRY--TOPICAL TERM
Topical term or geographic name as entry element Agriculture
Geographic subdivision China.
9 (RLIN) 9201
942 ## - ADDED ENTRY ELEMENTS (KOHA)
Source of classification or shelving scheme Dewey Decimal Classification
Koha item type Books
Holdings
Lost status Source of classification or shelving scheme Damaged status Not for loan Collection code Permanent Location Current Location Shelving location Date acquired Source of acquisition Cost, normal purchase price Total Checkouts Full call number Date last seen Copy number Koha item type
  Dewey Decimal Classification     Non-fiction Central Library, University of Rajshahi Central Library, University of Rajshahi   21/05/1965 Zeitlinger 40.00   630.951 SHA 1951 18/12/2013 C-3 Books
  Dewey Decimal Classification     Non-fiction Central Library, University of Rajshahi Central Library, University of Rajshahi   21/05/1965 Swets Zeitlinger 95.00   630.951 SHA 1951 18/12/2013 C-4 Books
  Dewey Decimal Classification     Non-fiction Central Library, University of Rajshahi Central Library, University of Rajshahi   06/06/1964 Zeithlinger 40.00   630.951 SHA 1951 27/06/2016 C-5 Books
  Dewey Decimal Classification     Non-fiction Central Library, University of Rajshahi Central Library, University of Rajshahi   06/06/1964 Zeithlinger 40.00   630.951 SHA 1951 27/06/2016 C-6 Books